000 00490nam a2200169Ia 4500
005 20250421165504.0
008 231217s9999 xx 000 0 und d
020 _a9788187972204
082 _a001.64404 MEH;1 R
100 _aMehrotra, Kishan. Chilukuri, Mohan K. Ranka, Sanjay.
245 0 _aElements of artificial neural networks
250 _a2nd ed.
260 _c2009
_bPenram INternational
_aMumbai
300 _aix, 397
650 _aartificial,neural,networks
942 _cAA
999 _c184956
_d184956